00275nam a22000857a 4500100004300000245007500043260002700118300000700145700003700152 aSayed Ghulam Mustafa Jellania16MCEM11 aModelling transport safety and its influence and mode choice behavior  aNawabshahbQUESTc2019 a39 aDepartment of Civil Engineering